000
00217nam a2200121Ia 4500
100
_a
#N/A
650
_a
General
942
_c
BK
654
_a
birla
245
_a
A Brillant Sun
260
_b
#N/A
546
_a
ENGLISH
999
_c
26730
_d
26730